000 00943nam2a22002291 4500
001 rc\2226789
005 20250623094709.0
035 _a(NLR Aleph) 006708791
090 _a5320932
_c5320931
100 _a20110829g19781979|||y0rusy50 ca
101 0 _arus
102 _aRU
105 _aa z |||||
200 0 _aЧ. 1
210 _d1978 (вып. дан. 1979)
_aБ. м.
215 _a104 с.
_cил.
461 0 _1001rc\2226788
_12001#$aТеория, конструирование и расчет транспортных средств$eКонспект лекций$vЧ. 1
_1700#1$aТалу$bК.А.$gКарл Антонович
_95320924
_aТалу, К.А.
_cМосква
_d1978-
_nМАДИ
_oКонспект лекций
_tТеория, конструирование и расчет транспортных средств
_vЧ. 1
801 0 _aRU
_bNLR
_gpsbo
801 1 _aRU
_bELAR
_2rusmarc
852 _aNLR
_j80-3/598
942 _cBOOK
980 _aNB